[Event "Challenge"]
[Site "http://www.queenalice.com/game.php?id=1230589"]
[Date "2013.11.7"]
[Round "-"]
[White "filomenos"]
[Black "Enrico"]
[Result "1-0"]
[WhiteElo "1999"]
[BlackElo "1869"]

1. d4 d5 2. g3 Nc6 3. Bg2 e6 4. Nf3 Bd7 5. O-O h6 6. Bf4 Qe7 7. Bxc7 Qb4 8. Qc1
Nxd4 9. Nxd4 Qxd4 10. Bf4 g5 11. Be3 Qc4 12. Re1 Rc8 13. c3 Bg7 14. Nd2 Qc6 15.
Nb3 b6 16. Bd4 Bxd4 17. Nxd4 Qd6 18. e4 dxe4 19. Bxe4 Nf6 20. Bg2 O-O 21. Rd1
Qc5 22. Rd2 Bc6 23. Nxc6 Rxc6 24. Bxc6 Qxc6 25. Qc2 Ne4 26. Rd4 f5 27. Rad1 g4
28. Rd8 Qc7 29. Rxf8+ Kxf8 30. Re1 Kf7 31. Re3 Kg6 32. Qb3 Qd6 33. Qc2 h5 34.
Kg2 Kg5 35. Qd3 Qc6 36. Kg1 Nc5 37. Qd2 Ne4 38. Rxe4+ Kf6 39. Qh6+ Ke7 40. Qg5+
Kd6 41. Rd4+ Kc5 42. Qxh5 a5 43. Qg5 b5 44. Qe7+ 1-0

[Event "Challenge"]
[Site "http://www.queenalice.com/game.php?id=1230602"]
[Date "2013.11.7"]
[Round "-"]
[White "Enrico"]
[Black "filomenos"]
[Result "1/2-1/2"]
[WhiteElo "1831"]
[BlackElo "1975"]

1. e4 g6 2. Nc3 Bg7 3. Nge2 Nf6 4. d3 d5 5. e5 Nfd7 6. d4 Nb6 7. Ng3 c6 8. h3
O-O 9. Bd3 N8d7 10. Be3 f6 11. exf6 Nxf6 12. a3 Nfd7 13. O-O e5 14. Bd2 exd4 15.
Nce2 c5 16. c3 dxc3 17. Bxc3 d4 18. Qb3+ Kh8 19. Bd2 Ne5 20. Bb5 Bd7 21. Bxd7
Nexd7 22. Ba5 Qf6 23. Rac1 Qc6 24. Bxb6 Nxb6 25. Rfd1 Rad8 26. Qa2 Rd7 27. b4 c4
28. Nf1 c3 29. Nd2 d3 30. b5 Qxb5 31. Nxc3 Qf5 32. Nde4 Nd5 33. Nxd5 Rxd5 34.
Ng3 Qd7 35. Ne4 Rdf5 36. f3 Rd8 37. Nc5 Qb5 38. Ne6 Rd7 39. Rc8+ Bf8 40. Nxf8
Qb6+ 41. Kh1 Rxf8 42. Qa1+ Kg8 43. Rxf8+ Kxf8 44. Qh8+ Kf7 45. Qxh7+ Ke6 46.
Qxg6+ Ke7 47. Re1+ Kd8 48. Qe8+ Kc7 49. Rc1+ Kd6 50. Qg6+ Ke7 51. Qxb6 axb6 52.
Rd1 Kf6 53. Kg1 Ke5 54. Kf2 Kd4 55. f4 Rf7 56. g3 Kc3 57. h4 Kc2 58. Ra1 d2 59.
Ra2+ Kc1 60. Ra1+ Kc2 61. Ra2+ Kc1 62. Ra1+ Kc2 1/2-1/2

[Event "Challenge"]
[Site "http://www.queenalice.com/game.php?id=1232600"]
[Date "2013.11.15"]
[Round "-"]
[White "Enrico"]
[Black "alexferreira"]
[Result "0-1"]
[WhiteElo "1858"]
[BlackElo "1912"]

1. e4 g6 2. Bc4 Bg7 3. d3 Nf6 4. e5 Ng8 5. d4 d5 6. Bb3 c6 7. c3 Nd7 8. Nf3 f6
9. exf6 Ngxf6 10. h3 O-O 11. Be3 Nb6 12. Nbd2 Bf5 13. g4 Be4 14. Nxe4 Nxe4 15.
Bc2 Nf6 16. b3 Nfd7 17. Qe2 e5 18. dxe5 Nxe5 19. Nxe5 Bxe5 20. Qd3 Nd7 21. c4
Bxa1 22. cxd5 Ne5 23. Qd1 Bc3+ 24. Ke2 Qxd5 25. Qxd5+ cxd5 26. Rd1 Rad8 27. a4
d4 28. Bh6 Rfe8 29. Kf1 Nf3 30. Rd3 Re1+ 31. Kg2 Ne5 32. Kg3 Nxd3 33. Bxd3 Kf7
34. Bc4+ Kf6 35. g5+ Ke7 36. Bg7 Kd6 37. f4 Rc8 38. Be5+ Kc5 39. Be6 Re8 40. Bf7
R8xe5 41. fxe5 Rxe5 0-1

[Event "Challenge"]
[Site "http://www.queenalice.com/game.php?id=1232606"]
[Date "2013.11.15"]
[Round "-"]
[White "alexferreira"]
[Black "Enrico"]
[Result "1-0"]
[WhiteElo "1896"]
[BlackElo "1885"]

1. d4 d5 2. g3 Nc6 3. Bg2 e6 4. Nf3 h6 5. O-O Nf6 6. Bf4 Bd6 7. Bxd6 Qxd6 8. c3
Bd7 9. Nbd2 O-O-O 10. Nb3 a6 11. Nfd2 Ne7 12. e4 dxe4 13. Nxe4 Nxe4 14. Bxe4 Ba4
15. Qf3 Bxb3 16. axb3 c6 17. Qxf7 g5 18. b4 Rdf8 19. Qh5 e5 20. Qg4+ Kb8 21.
Rad1 Kc7 22. dxe5 Qxe5 23. Rfe1 h5 24. Qd7+ Kb8 25. Bxc6 Qc7 26. Qxc7+ Kxc7 27.
Bxb7 Kxb7 28. Rxe7+ Ka8 29. Rdd7 Kb8 30. Rh7 Rxh7 31. Rxh7 h4 32. gxh4 gxh4 33.
Rxh4 Rd8 34. Rd4 Re8 35. Rd2 Kb7 36. f3 Rg8+ 37. Kf2 Kb6 38. f4 1-0

[Event "Challenge"]
[Site "http://www.queenalice.com/game.php?id=1235739"]
[Date "2013.11.27"]
[Round "-"]
[White "Enrico"]
[Black "Football_rules"]
[Result "1-0"]
[WhiteElo "1829"]
[BlackElo "1694"]

1. e4 e5 2. Nf3 d6 3. Nc3 c6 4. h3 h6 5. a3 Nf6 6. Bc4 b5 7. Bb3 Qa5 8. O-O Nbd7
9. d3 Nc5 10. Ba2 Qa6 11. Be3 Bxh3 12. gxh3 Qc8 13. Bxc5 dxc5 14. Kh2 Nh5 15.
Nxe5 Nf4 16. Qf3 g5 17. Ne2 Bd6 18. Nxf7 Nxe2+ 19. Nxd6+ Kd7 20. Nxc8 Raxc8 21.
Qxe2 Kc7 22. f4 gxf4 23. Qg4 Rcf8 24. Rxf4 h5 25. Qg7+ Kb6 26. Rxf8 Rxf8 27.
Qxf8 1-0

[Event "Challenge"]
[Site "http://www.queenalice.com/game.php?id=1235740"]
[Date "2013.11.27"]
[Round "-"]
[White "Football_rules"]
[Black "Enrico"]
[Result "0-1"]
[WhiteElo "1672"]
[BlackElo "1838"]

1. e4 e5 2. Nf3 Nc6 3. a3 a6 4. d3 d6 5. Nc3 Be7 6. h3 h6 7. Be3 Nf6 8. Be2 O-O
9. Qd2 Be6 10. Bxh6 gxh6 11. Qxh6 Nh7 12. g4 Bg5 13. Qh5 f6 14. h4 Bf7 15. Qxh7+
Kxh7 16. hxg5+ Kg7 17. gxf6+ Kxf6 18. O-O-O Rh8 19. Rhg1 b5 20. Nd5+ Bxd5 21.
exd5 Ne7 22. g5+ Kg6 23. Kb1 Nxd5 24. d4 e4 25. Nd2 e3 26. Bd3+ Kg7 27. fxe3
Nxe3 28. Rde1 Nd5 29. g6 Nf4 30. Ref1 Rf8 31. Ne4 Nxd3 32. cxd3 Rxf1+ 33. Rxf1
Qh4 34. Rg1 d5 35. Ng5 Re8 36. Ka2 Qxd4 37. Re1 Rxe1 0-1

[Event "AUTO-OPEN-3151"]
[Site "http://www.queenalice.com/game.php?id=1243120"]
[Date "2013.12.27"]
[Round "1"]
[White "donay_attack"]
[Black "Enrico"]
[Result "1-0"]
[WhiteElo "2210"]
[BlackElo "1831"]

1. Nf3 d5 2. g3 Nc6 3. Bg2 e6 4. b3 Bd7 5. Bb2 h6 6. c4 dxc4 7. bxc4 Nf6 8. O-O
Be7 9. d4 O-O 10. Re1 Bb4 11. Nbd2 b6 12. e4 Ne7 13. Qb3 Bxd2 14. Nxd2 a5 15. e5
a4 16. Qd3 Bc6 17. exf6 gxf6 18. Ne4 Bxe4 19. Qxe4 Qd6 20. d5 f5 21. Qd4 f6 22.
Rxe6 Qb4 23. Rxf6 1-0

[Event "AUTO-OPEN-3151"]
[Site "http://www.queenalice.com/game.php?id=1243121"]
[Date "2013.12.27"]
[Round "1"]
[White "Enrico"]
[Black "donay_attack"]
[Result "0-1"]
[WhiteElo "1840"]
[BlackElo "2211"]

1. e4 e6 2. d4 d5 3. e5 c5 4. dxc5 Nc6 5. Bb5 Bxc5 6. Bxc6+ bxc6 7. Ne2 Qc7 8.
f4 f6 9. exf6 Nxf6 10. Nec3 Ba6 11. Bd2 Qb6 12. Ne2 Qxb2 13. Bc3 Qb6 14. Bd4 O-O
15. Bxc5 Qxc5 16. Qd4 Qxc2 17. Qe3 e5 18. O-O Qxe2 19. Qxe2 Bxe2 20. Re1 Bc4 21.
Rxe5 Rae8 22. Rxe8 Rxe8 23. Nd2 Re2 24. Nxc4 dxc4 25. Rc1 Re4 26. g3 Nd5 27. Kf2
c3 28. Rc2 Rc4 29. Ke2 Nb4 30. Rc1 Nxa2 31. Rc2 Nb4 32. Rc1 c2 0-1

[Event "AUTO-OPEN-3151"]
[Site "http://www.queenalice.com/game.php?id=1243144"]
[Date "2013.12.27"]
[Round "1"]
[White "Felipe162503"]
[Black "Enrico"]
[Result "1-0"]
[WhiteElo "2075"]
[BlackElo "1837"]

1. e4 e5 2. Nf3 Nc6 3. Bc4 d6 4. h3 h6 5. O-O Be7 6. Nc3 a6 7. d3 Nf6 8. Nh2 b5
9. Bb3 Nd4 10. f4 Nxb3 11. axb3 b4 12. Ne2 a5 13. c3 Bb7 14. Bd2 c5 15. Nf3 exf4
16. Bxf4 Nh5 17. Bh2 O-O 18. Nd2 Bg5 19. Nf4 Nxf4 20. Bxf4 Bxf4 21. Rxf4 g5 22.
Rf2 f6 23. Qh5 Kg7 24. Nc4 Ba6 25. Ne3 Qe8 26. Nf5+ 1-0

[Event "AUTO-OPEN-3151"]
[Site "http://www.queenalice.com/game.php?id=1243145"]
[Date "2013.12.27"]
[Round "1"]
[White "Enrico"]
[Black "Felipe162503"]
[Result "1-0"]
[WhiteElo "1847"]
[BlackElo "1814"]

1. e4 e5 2. Nf3 Nc6 3. Bb5 a6 4. Bxc6 dxc6 5. d3 Bd6 6. a3 Nf6 7. h3 h6 8. O-O
O-O 9. Nc3 Be6 10. Be3 Nd7 11. Qe2 f5 12. exf5 Bxf5 13. Bd2 Qf6 14. Be3 Bxh3 15.
Ne4 Qg6 16. Nh4 Qg4 17. Qxg4 Bxg4 18. f3 Be6 19. g4 Nf6 20. Nxf6+ Rxf6 21. c4
Raf8 22. g5 hxg5 23. Bxg5 R6f7 24. Kg2 Bf5 25. Nxf5 Rxf5 26. Be3 Be7 27. Rac1
Bg5 28. Bxg5 Rxg5+ 29. Kf2 Rd8 30. Rcd1 Rd4 31. Ke2 Rh4 32. Ke3 Rg2 33. Rb1 Rhh2
34. Rfe1 Rxb2 35. Rxb2 Rxb2 36. Ra1 Kf7 37. f4 exf4+ 38. Kxf4 Kf6 39. Ke4 g5 40.
Rf1+ Kg6 41. Rf8 Ra2 42. Rc8 Rxa3 43. Rxc7 Rb3 44. Rc8 a5 45. Rg8+ Kf6 46. Ra8
b6 47. Rc8 c5 48. Rc6+ Kf7 49. Kf5 a4 50. Rc7+ Ke8 51. Ra7 a3 52. Kxg5 Rxd3 53.
Kf6 Rd6+ 54. Ke5 Rd4 55. Rxa3 Rxc4 56. Ra7 Rh4 57. Rb7 Rh6 58. Kd5 Kd8 59. Kc4
Kc8 60. Rg7 Rh4+ 61. Kb5 Rb4+ 62. Kc6 Kb8 63. Rg8+ 1-0

[Event "AUTO-OPEN-3151"]
[Site "http://www.queenalice.com/game.php?id=1243158"]
[Date "2013.12.27"]
[Round "1"]
[White "kamikaze"]
[Black "Enrico"]
[Result "1-0"]
[WhiteElo "2013"]
[BlackElo "1858"]

1. d4 d5 2. c4 dxc4 3. Nc3 e6 4. e4 Bb4 5. Bxc4 Bxc3+ 6. bxc3 a6 7. Nf3 h6 8.
O-O Bd7 9. Ba3 Ne7 10. Rb1 b6 11. h3 O-O 12. Bb3 Bb5 13. Re1 Re8 14. c4 Bc6 15.
Bc2 g6 16. Bb2 Qd6 17. d5 exd5 18. exd5 Bd7 19. Qd4 Bf5 20. Qg7# 1-0

[Event "AUTO-OPEN-3151"]
[Site "http://www.queenalice.com/game.php?id=1243159"]
[Date "2013.12.27"]
[Round "1"]
[White "Enrico"]
[Black "kamikaze"]
[Result "0-1"]
[WhiteElo "1813"]
[BlackElo "2027"]

1. e4 e5 2. Nf3 d6 3. h3 Nf6 4. Bb5+ c6 5. Ba4 Nxe4 6. c3 Nf6 7. d3 Be7 8. Be3
O-O 9. O-O Be6 10. a3 c5 11. d4 cxd4 12. cxd4 e4 13. Ng5 Bd5 14. Nc3 Bc6 15.
Bxc6 Nxc6 16. Ngxe4 Nxe4 17. Nxe4 d5 18. Nc5 b6 19. Nb3 Bf6 20. Qc2 Rc8 21. Qd3
Ne7 22. Rac1 Qd7 23. Rxc8 Rxc8 24. Rc1 Rxc1+ 25. Nxc1 Nf5 26. Ne2 Nxe3 27. fxe3
Bg5 28. Nf4 Bxf4 29. exf4 Qe6 30. g4 h5 31. f5 Qe1+ 32. Kg2 Qc1 33. b4 Qf4 0-1

[Event "AUTO-OPEN-3176"]
[Site "http://www.queenalice.com/game.php?id=1252130"]
[Date "2014.1.28"]
[Round "1"]
[White "testouverture"]
[Black "Enrico"]
[Result "1-0"]
[WhiteElo "2161"]
[BlackElo "1862"]

1. d4 d5 2. Nf3 Bg4 3. Ne5 Bf5 4. c4 f6 5. Nf3 e6 6. Qb3 b6 7. Nc3 c6 8. cxd5
exd5 9. Bf4 Bd6 10. Bg3 Bxg3 11. hxg3 Bg4 12. e3 Bxf3 13. gxf3 Ne7 14. Bd3 Qd6
15. Qc2 Nd7 16. Rxh7 Rxh7 17. Bxh7 g6 18. Bxg6+ Nxg6 19. Qxg6+ Kd8 20. Qg8+ Qf8
21. Qxf8+ Nxf8 22. Ke2 Kd7 23. Rh1 Ne6 24. f4 Rf8 25. g4 Rg8 26. Kf3 b5 27. Rh6
a5 28. Ne2 a4 29. Ng3 Kd6 30. Rxf6 Ke7 31. Rh6 Rg7 32. Nf5+ 1-0

[Event "AUTO-OPEN-3176"]
[Site "http://www.queenalice.com/game.php?id=1252131"]
[Date "2014.1.28"]
[Round "1"]
[White "Enrico"]
[Black "testouverture"]
[Result "0-1"]
[WhiteElo "1858"]
[BlackElo "2164"]

1. e4 d5 2. Nc3 dxe4 3. Nxe4 Qd5 4. Nc3 Qa5 5. Qf3 Nf6 6. d3 c6 7. h3 Be6 8. a3
g6 9. Bd2 Qb6 10. b4 Bg7 11. Nge2 Nd5 12. Nxd5 Bxd5 13. Qe3 Qxe3 14. Bxe3 Bxa1
15. c3 e5 16. Kd1 Bb2 17. a4 Nd7 18. Kc2 Ba3 19. Ng3 a5 20. c4 Be6 21. Kb3 Bxb4
22. Ne4 f5 23. Ng5 Ke7 24. Be2 Nc5+ 25. Bxc5+ Bxc5 26. f3 b5 27. Nxe6 Kxe6 28.
cxb5 cxb5 29. axb5 Rhb8 30. Ka4 Kd5 31. Rc1 Rb7 32. Rc4 Rab8 33. f4 Rxb5 34.
Bf3+ e4 35. dxe4+ Kxc4 36. Be2+ Kd4 37. Bxb5 fxe4 38. Kxa5 Ra8+ 0-1

[Event "AUTO-OPEN-3176"]
[Site "http://www.queenalice.com/game.php?id=1252140"]
[Date "2014.1.28"]
[Round "1"]
[White "felipesouza"]
[Black "Enrico"]
[Result "1-0"]
[WhiteElo "2215"]
[BlackElo "1858"]

1. d4 d5 2. c4 Nf6 3. Nc3 a6 4. a4 dxc4 5. e4 e6 6. Bxc4 Bb4 7. Bg5 h6 8. Bxf6
Qxf6 9. Ne2 Bd7 10. O-O Qg6 11. Bd3 Bc6 12. d5 exd5 13. exd5 Qf6 14. dxc6 Nxc6
15. Nd5 Qd6 16. Nxb4 Qxb4 17. Qc2 O-O-O 18. Rac1 Rd6 19. Ng3 Rhd8 20. Rfd1 g6
21. h3 f5 22. Ne2 R8d7 23. Nc3 Nd4 24. Qb1 Nb3 25. Na2 Qxa4 26. Rc3 Nd4 27. Re1
Kb8 28. Ra3 Qc6 29. Bf1 Nc2 30. Rc3 1-0

[Event "AUTO-OPEN-3176"]
[Site "http://www.queenalice.com/game.php?id=1252141"]
[Date "2014.1.28"]
[Round "1"]
[White "Enrico"]
[Black "felipesouza"]
[Result "0-1"]
[WhiteElo "1854"]
[BlackElo "1500"]

1. e4 c6 2. Nc3 d5 3. exd5 cxd5 4. d4 Nc6 5. Bb5 Nf6 6. Bxc6+ bxc6 7. Bg5 Bg4 8.
f3 Bf5 9. Bxf6 exf6 10. Qe2+ Be7 11. O-O-O O-O 12. a3 Rb8 13. g4 Bg6 14. h4 Re8
15. Qa6 h6 16. Qxc6 Bxa3 17. Na4 Rc8 18. Qb5 Rxc2+ 0-1

[Event "AUTO-OPEN-3196"]
[Site "http://www.queenalice.com/game.php?id=1259317"]
[Date "2014.2.23"]
[Round "1"]
[White "yclaudiu35"]
[Black "Enrico"]
[Result "1-0"]
[WhiteElo "2058"]
[BlackElo "1849"]

1. e4 e5 2. Nf3 Nc6 3. a3 Bc5 4. Bc4 h6 5. d3 Nge7 6. O-O a6 7. Nc3 O-O 8. Nd5
d6 9. h3 Nxd5 10. Bxd5 Ne7 11. Ba2 Ng6 12. d4 exd4 13. Qd3 Qf6 14. g4 Ba7 15.
Kg2 1-0

[Event "AUTO-OPEN-3196"]
[Site "http://www.queenalice.com/game.php?id=1259318"]
[Date "2014.2.23"]
[Round "1"]
[White "Enrico"]
[Black "yclaudiu35"]
[Result "0-1"]
[WhiteElo "1841"]
[BlackElo "2066"]

1. e4 e5 2. Nf3 Qf6 3. Bc4 Bc5 4. d3 h6 5. a3 d6 6. h3 g5 7. Nc3 c6 8. Bd2 a6 9.
b4 Ba7 10. Qe2 g4 11. Ng1 h5 12. h4 Ne7 13. Bg5 Qg6 14. Bxe7 Kxe7 15. g3 f5 0-1

[Event "AUTO-OPEN-3196"]
[Site "http://www.queenalice.com/game.php?id=1259341"]
[Date "2014.2.23"]
[Round "1"]
[White "Enrico"]
[Black "miltonloviski"]
[Result "0-1"]
[WhiteElo "1823"]
[BlackElo "1966"]

1. e4 e5 2. Nf3 Nc6 3. Bb5 Qf6 4. d3 h6 5. Bxc6 dxc6 6. a3 Bg4 7. Nbd2 Bc5 8. h3
Bh5 9. g4 Bg6 10. Qe2 O-O-O 11. Nc4 Bd6 12. Be3 Ne7 13. O-O-O Qe6 14. Nfd2 b5
0-1

[Event "AUTO-OPEN-3196"]
[Site "http://www.queenalice.com/game.php?id=1259342"]
[Date "2014.2.23"]
[Round "1"]
[White "miltonloviski"]
[Black "Enrico"]
[Result "1-0"]
[WhiteElo "1955"]
[BlackElo "1834"]

1. e4 e5 2. Nf3 Nc6 3. Bc4 h6 4. d4 exd4 5. Nxd4 Nxd4 6. Qxd4 Qf6 7. Qe3 Bb4+ 8.
c3 Ba5 9. a4 Bb6 10. Qe2 d6 11. Nd2 Be6 12. a5 Bc5 13. b4 Bxb4 14. Bxe6 fxe6 15.
e5 1-0

[Event "AUTO-OPEN-3196"]
[Site "http://www.queenalice.com/game.php?id=1259343"]
[Date "2014.2.23"]
[Round "1"]
[White "Enrico"]
[Black "Gosiulkaa"]
[Result "0-1"]
[WhiteElo "1865"]
[BlackElo "1866"]

1. e4 e5 2. Nf3 Bc5 3. a3 d6 4. Bc4 Bg4 5. h3 Bh5 6. g4 Bg6 7. d3 Nc6 8. Bg5
Nge7 9. Bb5 f6 10. Bh4 Bf7 11. Nc3 a6 12. Bxc6+ Nxc6 13. Qe2 g5 14. Bg3 h5 15.
O-O-O Qe7 16. Nd2 Bd4 17. Ncb1 d5 18. c3 Bb6 19. Nf3 Na5 20. Nfd2 dxe4 21. Nxe4
O-O-O 22. Nbd2 hxg4 23. Qxg4+ Kb8 24. Nf1 Bh5 25. Qf5 Bxd1 26. Kxd1 Rxd3+ 27.
Kc2 Rhd8 28. h4 Qd7 29. Qxf6 Qa4+ 30. Kb1 Qb3 31. Ne3 Bxe3 32. Qf3 Nc4 33. Qe2
Rd2 34. Nxd2 Rxd2 0-1

[Event "AUTO-OPEN-3196"]
[Site "http://www.queenalice.com/game.php?id=1259344"]
[Date "2014.2.23"]
[Round "1"]
[White "Gosiulkaa"]
[Black "Enrico"]
[Result "0-1"]
[WhiteElo "1865"]
[BlackElo "1848"]

1. e4 e5 2. Nf3 Nc6 3. Bc4 h6 4. Nc3 a6 5. d4 exd4 6. Nxd4 Nxd4 7. Qxd4 d6 8.
O-O Qf6 9. Be3 Qxd4 10. Bxd4 f6 11. h3 Ne7 12. Rfe1 Nc6 13. Be3 Ne5 14. Bb3 Be7
15. Nd5 Bd8 16. f4 Ng6 17. Rad1 c6 18. Nc3 Be7 19. f5 Ne5 20. Bf4 Bd7 21. Bxe5
dxe5 22. Na4 b5 23. Nb6 Rd8 24. Rd3 Bc5+ 0-1